Statystyki dla Rozpoznaj polskich raperów po tytułach piosenek!

Kliknij tutaj aby rozwiązać quiz!

Ogólne statystyki

  • Ten quiz został rozwiązany 13 453 razy
  • Średni wynik to 28 z 70

Statystyki odpowiedzi

TytułRaper% Poprawnych
GustawBedoes
92%
CaliforniaWhite 2115
89%
Język CiałaTymek
87%
BossmanReTo
86%
SzamanPaluch
83%
HinataSzpaku
82%
ZorzaQuebonafide
81%
DMTŻabson
80%
FijiTaco Hemingway
78%
Płuca Zlepione TopamiGuzior
77%
30 KMHKali
77%
MademoiselleBlacha
76%
WikingSarius
76%
KryptowalutyTaconafide
76%
MówiłaśYoung Igi
74%
WodospadyPopek
73%
Na szczycieGrubSon
69%
Nie, nieOtsochodzi
68%
Mali ludzie, wielkie niebaBiałas
63%
Do RanaMalik Montana
62%
KosmitaGedz
60%
BANGER KINGKizo
53%
bbZeamsone
52%
Ona to ziomalPlanBe
50%
T-KillaTEDE
48%
candy.dollschafter
46%
Klub 27Solar
46%
surferbe vis
45%
SamsonKęKę
43%
Zaczekaj przed drzwiamiJan-rapowanie
39%
No make upFilipek
36%
Nagano 98Kartky
34%
Do końcaZBUKU
34%
YERBABorixon
33%
DrogaPezet
32%
InterpolPRO8L3M
31%
Yeah BwoySłoń
30%
Czego?!Beteo
29%
Szczęścia milimetrO.S.T.R
29%
HipotermiaZeus
29%
Prawo ponad prawemBezczel
28%
Koniec gatunkuSokół
27%
Jeden buziakTKM
27%
Idiotko MojaAdi Nowak
25%
Jak gdyby nicKuban
25%
Cały Klub To MySmolasty
25%
CeraDeys
24%
KlejWac Toja
22%
Odpierdalala MiOpał
21%
GasnęSkip
21%
Do utraty siłB.R.O
20%
PrzepraszamSobota
20%
StołyKoza
19%
JazzPrzyłu & VBS
19%
Znałem TypaKaz Bałagane
18%
NirwanaKaen
16%
numa numa jejzarzycki
14%
Muzyka MiastdonGURALesko
13%
Chodź Ze MnąSitek
12%
CiuciubabkaSzesnasty
12%
Qbik4 Pory Roku
10%
To brzmi jakDwa Sławy
10%
ILE DAŁBYMBRYAN
9%
PozoryBonson
8%
8 0 8 0 8 0GVERILLA
8%
Jaś i MałgosiaNOVY YA
8%
Jak niktTen Typ Mes
8%
Mała Wyłącz Messengerflorek & Wiśniovy
7%
SEIYAEmes Milligan
6%
tylko mnie kochajpiluś
3%

Rozkład punktacji

Percentyl według liczby udzielonych odpowiedzi

Procent ludzi z każdym wynikiem

Twoja historia wyników

Nie rozwiązałeś tego quizu